Методические основы проведения лабораторных работ и практических занятий по высоковольтной изоляции; Образовательные технологии: состояние и перспективы

Dades bibliogràfiques
Parent link:Образовательные технологии: состояние и перспективы.— 1999.— С. 153-154.
Autor principal: Куртенков Г. Е. Геннадий Ефимович
Idioma:rus
Publicat: 1999
Matèries:
Format: MixedMaterials Capítol de llibre
KOHA link:https://koha.lib.tpu.ru/cgi-bin/koha/opac-detail.pl?biblionumber=49971

MARC

LEADER 00000naa2a2200000 4500
001 49971
005 20231031032714.0
035 |a (RuTPU)RU\TPU\book\52315 
035 |a RU\TPU\tpu\10601 
090 |a 49971 
100 |a 20030408d1999 k y0rusy50 ca 
101 0 |a rus 
102 |a RU 
200 1 |a Методические основы проведения лабораторных работ и практических занятий по высоковольтной изоляции  |f Г. Е. Куртенков 
463 1 |0 (RuTPU)RU\TPU\book\9321  |t Образовательные технологии: состояние и перспективы  |o Труды научно-методической конференции, 2-4 февраля 1999 г  |o Секция 3. Образовательные технологии. Общетехнические и специальные дисциплины. Подсекция общетехническая  |f ТПУ  |v С. 153-154.  |d 1999  |p 178с 
610 1 |a труды учёных ТПУ 
675 |a 62(063)  |v 3 
686 |a Ч48  |2 rubbk 
700 1 |a Куртенков  |b Г. Е.  |c специалист в области энергетики  |c доцент Томского политехнического университета, кандидат технических наук  |f 1941-  |g Геннадий Ефимович  |2 stltpush  |3 (RuTPU)RU\TPU\pers\28064 
801 1 |a RU  |b 63413507  |c 20021121  |g PSBO 
801 2 |a RU  |b 63413507  |c 20220812  |g PSBO 
942 |c BK